Diferenciación social y procesos de mercantilización en los campesinos de la puna jujeña (Registro nro. 34724)
[ vista simple ]
| 000 -LEADER | |
|---|---|
| fixed length control field | 00501 a2200157 4500 |
| 001 - CONTROL NUMBER | |
| control field | ART_44983 |
| 005 - DATE AND TIME OF LATEST TRANSACTION | |
| control field | 20260410162039.0 |
| 008 - FIXED-LENGTH DATA ELEMENTS--GENERAL INFORMATION | |
| fixed length control field | 260409a |
| 100 1# - MAIN ENTRY--PERSONAL NAME | |
| Personal name | Paz, Raúl |
| 245 10 - TITLE STATEMENT | |
| Title | Diferenciación social y procesos de mercantilización en los campesinos de la puna jujeña |
| 700 1# - ADDED ENTRY--PERSONAL NAME | |
| Personal name | Sosa Valdez, Freddy |
| 700 1# - ADDED ENTRY--PERSONAL NAME | |
| Personal name | Lamas, Hugo |
| 700 1# - ADDED ENTRY--PERSONAL NAME | |
| Personal name | Echazú, Fernando |
| 700 1# - ADDED ENTRY--PERSONAL NAME | |
| Personal name | Califano, Laura |
| 773 0# - HOST ITEM ENTRY | |
| Title | Estudios del trabajo |
| Related parts | - Nº 43/44 (ene./dic. 2012) |
| Record control number | REV44896 |
No hay ítems disponibles.